ბათუმის შოთა რუსთაველის სახელმწიფო უნივერსიტეტის ბიბლიოთეკა

შური. დრამა 4 მოქმედებად (ბიბ.ჩანაწერი № 41828)

000 -LEADER
fixed length control field 00630nam a2200217Ia 4500
001 - CONTROL NUMBER
control field 8511
003 - CONTROL NUMBER IDENTIFIER
control field GE_BSU
008 - FIXED-LENGTH DATA ELEMENTS--GENERAL INFORMATION
fixed length control field 181216s||||||||xx |||||||||||||| ||und||
040 ## - CATALOGING SOURCE
Transcribing agency GE_BSU
080 ## - UNIVERSAL DECIMAL CLASSIFICATION NUMBER
Universal Decimal Classification number 821.353.1-2
100 ## - MAIN ENTRY--PERSONAL NAME
Personal name ვაკელი,იონა
245 ## - TITLE STATEMENT
Title შური. დრამა 4 მოქმედებად
245 ## - TITLE STATEMENT
Statement of responsibility, etc. რედ. ირ. არაბული
260 ## - PUBLICATION, DISTRIBUTION, ETC.
Place of publication, distribution, etc. თბილისი
260 ## - PUBLICATION, DISTRIBUTION, ETC.
Name of publisher, distributor, etc. სახელგამი
260 ## - PUBLICATION, DISTRIBUTION, ETC.
Date of publication, distribution, etc. 1956
300 ## - PHYSICAL DESCRIPTION
Extent 78გვ.18სმ.
653 ## - INDEX TERM--UNCONTROLLED
Uncontrolled term დრამა 4 მოქმედებად
653 ## - INDEX TERM--UNCONTROLLED
Uncontrolled term შური
942 ## - ADDED ENTRY ELEMENTS (KOHA)
Koha item type წიგნი
ეგზემპლარები
Withdrawn status Lost status Damaged status Not for loan Date acquired Barcode Date last seen Price effective from Koha item type
        2018-12-17 30649 2018-12-17 2018-12-17 წიგნი
        2018-12-17 30650 2018-12-17 2018-12-17 წიგნი